[Event "BRA-ch (Women) 60th"]
[Site "Cuiaba"]
[Date "2021.11.03"]
[Round "10"]
[White "Bonfim, Regina Rodrigues"]
[Black "Sandrim Juliao, Tais"]
[Result "1-0"]
[WhiteElo "1702"]
[BlackElo "1712"]
[PlyCount "155"]
[EventDate "2021.10.28"]
[EventType "swiss"]
[EventRounds "11"]
[EventCountry "BRA"]
[SourceTitle "CBM 205 Extra"]
[Source "ChessBase"]
[SourceDate "2022.01.31"]
[SourceVersion "1"]
[SourceVersionDate "2022.01.31"]
[SourceQuality "1"]

1. d4 Nf6 2. c4 c5 3. d5 b5 4. cxb5 a6 5. e3 d6 6. Nc3 g6 7. Nf3 Bg7 8. Bd2 0-0 9. Be2 Nbd7 10. 0-0 Nb6 11. e4 axb5 12. Bxb5 Ba6 13. Bxa6 Rxa6 14. a4 Qa8 15. Qe2 Rb8 16. b3 Ne8 17. Rab1 Nc7 18. Rfc1 Ra7 19. Bg5 Nc8 20. Nd2 Qb7 21. Qd3 Qb4 22. Be3 Na6 23. Nb5 Qa5 24. Nxa7 Nxa7 25. Nc4 Qc7 26. h3 Nb4 27. Qe2 Nc8 28. Bd2 Na2 29. Rc2 Nb4 30. Bxb4 Rxb4 31. Rcc1 Bd4 32. Na3 Na7 33. Nc2 Bxf2+ 34. Qxf2 Rxe4 35. Rf1 f6 36. Rbe1 Re5 37. Rxe5 dxe5 38. Qe2 Qb7 39. Qc4 Kg7 40. Qxc5 Nc8 41. b4 Nd6 42. Re1 Qa6 43. b5 Qxa4 44. b6 Kf7 45. Qf2 Kg7 46. Ra1 Qb3 47. Qc5 Kf7 48. Ra7 Nf5 49. d6 Qb1+ 50. Kh2 Qf1 51. Rxe7+ Nxe7 52. dxe7 Qf4+ 53. g3 Qd2+ 54. Kg1 Qc1+ 55. Kg2 Qd2+ 56. Qf2 Qd5+ 57. Kh2 Kxe7 58. Nb4 Qb5 59. Qd2 Ke8 60. Nd5 Kf8 61. h4 f5 62. Qa2 Kg7 63. Qa7+ Kh6 64. b7 Qe2+ 65. Kg1 Qe1+ 66. Kg2 Qe2+ 67. Qf2 Qe4+ 68. Kh2 Qb1 69. Nb6 f4 70. g4 Qd1 71. b8Q Qxg4 72. Qxe5 f3 73. Qg5+ Qxg5 74. hxg5+ Kxg5 75. Qxf3 h5 76. Nd5 h4 77. Qf4+ Kh5 78. Nf6# 1-0

[Event "BRA-ch (Women) 60th"]
[Site "Cuiaba"]
[Date "2021.11.02"]
[Round "9"]
[White "Sandrim Juliao, Tais"]
[Black "Medeiros, Thauane Ferreira"]
[Result "0-1"]
[WhiteElo "1712"]
[BlackElo "1896"]
[PlyCount "87"]
[EventDate "2021.10.28"]
[EventType "swiss"]
[EventRounds "11"]
[EventCountry "BRA"]
[SourceTitle "CBM 205 Extra"]
[Source "ChessBase"]
[SourceDate "2022.01.31"]
[SourceVersion "1"]
[SourceVersionDate "2022.01.31"]
[SourceQuality "1"]

1. Nf3 d5 2. c4 c6 3. b4 Nf6 4. Bb2 Bf5 5. e3 e6 6. a3 a5 7. b5 dxc4 8. Bxc4 Bd3 9. Qb3 Bxc4 10. Qxc4 cxb5 11. Qxb5+ Qd7 12. Nc3 Nc6 13. 0-0 Be7 14. Rac1 0-0 15. Rfd1 Rfd8 16. d4 a4 17. h3 Ra5 18. Qe2 Qe8 19. Rb1 Qf8 20. Nb5 Ne4 21. Qd3 Nd6 22. Nxd6 Bxd6 23. Bc1 Qe7 24. Ne1 e5 25. Nc2 e4 26. Qe2 Rg5 27. Rb5 Rg6 28. Qc4 Qh4 29. Kf1 Rf6 30. Rd2 Bg3 31. Qe2 Bxf2 32. Qxf2 Rxf2+ 33. Rxf2 Qe7 34. Bd2 Qe6 35. Rxb7 Nxd4 36. Nb4 Nf5 37. g4 Nd6 38. Rb6 h5 39. Rg2 hxg4 40. hxg4 Qb3 41. Nd5 Qxd5 42. Bb4 Qd3+ 43. Kf2 Nc4 44. Rb7 0-1

[Event "BRA-ch (Women) 60th"]
[Site "Cuiaba"]
[Date "2021.11.01"]
[Round "7"]
[White "Zago, Caroline Datora"]
[Black "Sandrim Juliao, Tais"]
[Result "1/2-1/2"]
[WhiteElo "1634"]
[BlackElo "1712"]
[PlyCount "157"]
[EventDate "2021.10.28"]
[EventType "swiss"]
[EventRounds "11"]
[EventCountry "BRA"]
[SourceTitle "CBM 205 Extra"]
[Source "ChessBase"]
[SourceDate "2022.01.31"]
[SourceVersion "1"]
[SourceVersionDate "2022.01.31"]
[SourceQuality "1"]

1. e4 e5 2. Nf3 Nc6 3. Bc4 Be7 4. d4 d6 5. c3 Nf6 6. Nbd2 0-0 7. 0-0 a6 8. a4 h6 9. Re1 Bg4 10. b4 exd4 11. cxd4 Nxd4 12. h3 Nxf3+ 13. Nxf3 Bh5 14. g4 Bg6 15. e5 dxe5 16. Nxe5 Qxd1 17. Rxd1 Bh7 18. Ba3 Bc2 19. Re1 Bd6 20. a5 Rae8 21. Nd3 Rxe1+ 22. Rxe1 Ba4 23. Nc5 Bc6 24. Bb2 Nd7 25. Nd3 Rd8 26. Bc3 Nf8 27. Ne5 Be8 28. Re3 Bxe5 29. Bxe5 Rd1+ 30. Kh2 Bc6 31. f3 Rc1 32. Bd3 Ba4 33. Be4 Bc6 34. Bd3 Ne6 35. Bf5 Ng5 36. Rd3 Ne6 37. Bxe6 fxe6 38. Kg3 Bd5 39. Rc3 Rxc3 40. Bxc3 Kf7 41. f4 g6 42. h4 Be4 43. g5 h5 44. Kf2 Ke7 45. Ke3 Bf5 46. Be5 Kd7 47. Kd4 Kc6 48. Kc4 b6 49. axb6 cxb6 50. Bc3 Bg4 51. Kd4 Kb5 52. Ke5 a5 53. bxa5 bxa5 54. Ke4 a4 55. Kd3 a3 56. Kc2 Kc4 57. Be5 Bf5+ 58. Kc1 Kb3 59. Bf6 a2 60. Be5 Kc4 61. Kd2 Kd5 62. Ke3 Kc5 63. Bf6 Kc4 64. Kd2 Bb1 65. Be5 Kd5 66. Ke3 Kc6 67. Kd2 Kd7 68. Ke3 Ke7 69. Kd2 a1Q 70. Bxa1 Kd6 71. Ke3 Kd5 72. Be5 Kc4 73. Kd2 Kb3 74. Kc1 Be4 75. Bf6 Kc4 76. Kd2 Bf5 77. Be5 Kb4 78. Bf6 Kc4 79. Be5 1/2-1/2

[Event "Paulista-ch (Women)"]
[Site "Sao Jose do Rio Preto"]
[Date "2007.04.21"]
[Round "4.1"]
[White "Sandrim Juliao, Tais"]
[Black "Coelho, Tatiane Cristina"]
[Result "1/2-1/2"]
[WhiteElo "1838"]
[BlackElo "1799"]
[PlyCount "69"]
[EventDate "2007.04.20"]
[EventType "swiss"]
[EventRounds "6"]
[EventCountry "BRA"]
[SourceTitle "EXT 2022"]
[Source "ChessBase"]
[SourceDate "2021.10.06"]
[SourceVersion "1"]
[SourceVersionDate "2021.10.06"]
[SourceQuality "1"]

1. d4 Nf6 2. Nf3 e6 3. c3 b6 4. Bg5 Be7 5. Nbd2 0-0 6. e3 Ba6 7. Bxa6 Nxa6 8. Qe2 Nb8 9. 0-0 d5 10. Ne5 c5 11. Rac1 Qc7 12. Ndf3 Nbd7 13. Nxd7 Qxd7 14. Ne5 Qc7 15. f4 Ne4 16. Bxe7 Qxe7 17. Qg4 Nd6 18. Qh3 f6 19. Nf3 Nc4 20. b3 Nxe3 21. Rfe1 cxd4 22. cxd4 Nxg2 23. Qxg2 Rfe8 24. Rc2 Qd6 25. Qg4 Re7 26. Rg2 Rc8 27. Qh4 Kh8 28. Rge2 Rc3 29. Qg4 f5 30. Qg3 g5 31. Re5 g4 32. Qh4 gxf3 33. Qf6+ Rg7+ 34. Kf2 Qa3 35. Qd8+ 1/2-1/2